00530 2200193 4500001002100000005001500021035002000036245005900056100003500115300002000150260003100170082001400201084002000215020001800235008004100253650002000294990001100314990001100325INLIS00000000000138420240917024134 a0010-10220000221 aSemua Ikan di Langit /cZiggy Zezsyazeoviennazabrizkie0 aZiggy Zezsyazeoviennazabrizkie a257 hlm :bilus aJakarta :bGrasindo,c2017 a899.221 3 a899.221 3 ZIG s a9786023758067240917 0  4aFiksi Indonesia a002434 a002435